000 00645nam a2200229Ia 4500
005 20260429112142.0
008 260429s9999||||xx |||||||||||||| ||und||
020 _a9781337392686
041 _aEnglish
082 _a613
_bHOE
100 _aHoeger, Werner W. K.
245 0 _aLifetime physical fitness and wellness :
_ba personalized program /
_cWerner W. K. Hoeger
250 _a15th ed.
260 _aAustralia :
_bCengage,
_c2019.
300 _axvi, 586 p.; pbk
650 _a Wellness
650 _aPhysical fitness
700 _a Fawson, Amber L.
700 _a Hoegar, Cherie I.
700 _a Hoeger, Sharon A.
942 _cTB
999 _c52618
_d52618